Problematika voľného času v sídelnom útvare : Kandidátska dizertačná práca /

Gespeichert in:
Bibliographische Detailangaben
1. Verfasser: Čúrna, Janka, 1952- (Verfasst von)
Weitere Verfasser: Šteis, Rudolf (Betreuung Doktorarbeit)
Format: Manuskript Buch
Sprache:Slowakisch
Veröffentlicht: Bratislava : Slovenská vysoká škola technická v Bratislave, Fakulta architektúry, december 1981
Schlagworte:
Tags: Tag hinzufügen
Keine Tags, Fügen Sie das erste Tag hinzu!

MARC

LEADER 00000ntm a22000003a 4500
001 0113010
003 SK-STU
005 20241216112957.9
007 ta
008 241212s2024----xo-----f-mn---000-0-slo-d
040 |a STU  |b slo 
041 0 |a slo 
044 |a xo  |c SK 
100 1 |a Čúrna, Janka,  |d 1952-  |4 aut  |X 461  |7 A000000461 
245 1 0 |a Problematika voľného času v sídelnom útvare :  |b Kandidátska dizertačná práca /  |c aut. Janka Čúrna ; škol. Rudolf Šteis 
260 |a Bratislava :  |b Slovenská vysoká škola technická v Bratislave, Fakulta architektúry,  |c december 1981 
300 |a 114 s. 
650 0 7 |a príroda a spoločnosť 
650 0 7 |a civilizácia 
650 0 7 |a sídlo 
650 0 7 |a voľnočasové aktivity 
650 0 7 |a športový areál 
650 0 7 |a rekreácia a voľný čas 
650 0 7 |a centrum voľného času 
650 0 7 |a Bratislava 
650 0 7 |a Prievidza 
650 0 7 |a Dolný Kubín 
650 0 7 |a Rožňava 
700 1 |a Šteis, Rudolf  |4 ths 
996 |b 284AU10139  |c A* 188/V  |l AAKNST  |s P  |a 0  |w 0113010_0001